| 000 | 00630nam a2200181Ia 4500 | ||
|---|---|---|---|
| 001 | 55167 | ||
| 008 | 120726n ii |||gr||||Z||||||465 | ||
| 020 | _a8171418201 | ||
| 082 | _a370.15 | ||
| 245 | 0 |
_aMethods of Teaching Educational Psychology _cM. Alice Raj Kumari , D.Rita Suguna Sundari & Digumarti Bhaskara Rao _hTextual Documents |
|
| 260 |
_aNew Delhi: _bDiscovery Publishing House, _c2010. |
||
| 300 |
_a321pg: _c23cm. |
||
| 653 | _aPsychology | ||
| 653 | _aG- Education | ||
| 653 | _aDeptt- Education | ||
| 700 |
_aRaj Kumari, M. Alice , Sundari, .D.Rita Suguna & Rao, .Digumarti Bhaskara ., _eAuthor. |
||
| 942 |
_2ddc _cBK |
||
| 999 |
_c55103 _d55103 |
||